000 00654nam a2200229Ia 4500
003 0100
008 130303s9999 xx 000 0 und d
040 _cARRUPELIB
050 _aBR1447.V61 1998
100 _aVerstraelen, Frans J
245 _aZimbabwean realities and christian responses
245 _bcontemporary aspects of christianity in Zimbabwe
260 _aGweru
260 _bMambo Press
260 _C1998
300 _aviii
300 _b 152p. 22cm.
440 _aMambo occasional papers ; missio-Pastoral series No. 25
650 _bAfrica-Catholic Church
650 _cMissions, Theory-Catholic Church
942 _2lcc
_02
999 _c59759
_d59759